| 000 | 00581nam a2200217 a 4500 | ||
|---|---|---|---|
| 001 | BRCA_7180 | ||
| 005 | 20190320205736.0 | ||
| 008 | 130112s1921----gw-#######---#000-0#ger-# | ||
| 041 | _ager | ||
| 044 | _agw | ||
| 050 | 4 |
_aQC6 _b.M68 1921 |
|
| 100 | 1 |
_aMoszkowski, Alexander _d1851-1934. _917801 |
|
| 245 | 1 | 0 |
_aEintein _cAlexander Moszkowski. |
| 260 |
_aHamburg, Alemania _bHoffmann und Campe _c1921 |
||
| 300 |
_a240 p. _c22 cm. |
||
| 500 | _aP70 | ||
| 600 | 1 | 4 |
_aEinstein, Albert _d1879-1955 _914803 |
| 650 | 1 | 4 |
_aRelatividad (FĂsica) _915648 |
| 902 | _aGFM | ||
| 942 |
_2lcc _cB |
||
| 999 |
_c6861 _d6861 |
||